Reglamento de régimen interior del Hospital Clínico y Provincial de Barcelona
Descripción Física:
50 p. ; 22 cm
MARC
| LEADER | 00000nam a2200000Ia 4500 | ||
|---|---|---|---|
| 001 | 8723 | ||
| 008 | 160829s1955 xx 000 0 cat d | ||
| 080 | |a C-1-505 | ||
| 100 | |a Hospital Clínic (Barcelona) | ||
| 245 | |a Reglamento de régimen interior del Hospital Clínico y Provincial de Barcelona | ||
| 260 | |a Barcelona : |b (Impr. de la Casa de Caritat), |c 1955 | ||
| 300 | |a 50 p. ; |c 22 cm | ||
| 590 | |a Prové de J-1619, exp. 1. | ||
| 590 | |a Hi ha un duplicat a: DUP-65-50 | ||
| 610 | 0 | |a Hospital Clínic i Provincial de Barcelona |x Estatuts |9 13872 | |
| 901 | |a Arxiu | ||
| 942 | |n 1 | ||
| 952 | |0 0 |1 0 |4 0 |6 C1505 |7 1 |9 53539 |a Arxiu |b Arxiu |d 2016-12-01 |l 0 |o C-1-505 |p 8723 |r 2016-12-01 00:00:00 |w 2016-12-01 |y ARXIU | ||
| 999 | |c 57405 |d 57405 | ||